Iron Man Suits Quiz - Statistics

General Stats
  • This quiz has been taken 198 times
    195 since last reset
  • The average score is 10 of 33
Answer Stats
Hint Answer % Correct
Birth of Iron Man Mark 1
100%
Suitcase Mark 5
70%
'Prodigal Son' Mark 42
65%
Nanotech Mark 50
54%
AoU Hulkbuster Mark 44
48%
Mid-air suitup Mark 7
42%
Fought Thor Mark 6
39%
Iced up Mark 2
37%
IW Hulkbuster Mark 48
36%
"I am Iron Man" Mark 85
36%
Civil War Mark 46
33%
Fought Ultron Mark 45
32%
Homecoming Mark 47
32%
Upgraded + Hot Rod Red Mark 3
30%
'Igor' Mark 38
29%
'Silver Centurion' Mark 33
25%
'Heartbreaker' Mark 17
24%
'Bones' Mark 41
23%
'Starboost' Mark 39
22%
'Midas' Mark 21
21%
'Disco' Mark 27
20%
'Blue Steel' Mark 30
20%
'Red Snapper' Mark 35
20%
Easy to takeoff Mark 4
20%
Rescue Mark 49
20%
'Shotgun' Mark 40
19%
'Sneaky' Mark 15
18%
'Striker' Mark 25
18%
'Piston' Mark 31
18%
'Peacemaker' Mark 36
18%
'Tiger' Mark 19
17%
'Python' Mark 20
17%
"Armor Around the World" Iron Legion
13%
No matching quizzes found
Score Distribution
Percent of People with Each Score
Percentile by Number Answered
Your Score History
You have not taken this quiz since the last reset